Enquète judiciare sur l'assassinat de la famille impériale russe
保存先:
| 第一著者: | |
|---|---|
| フォーマット: | 図書 |
| 言語: | フランス語 |
| 出版事項: |
París
Payot
1926
|
| シリーズ: | Collection de Mémories, Etudes et Documents
|
| 主題: | |
| タグ: |
タグ追加
タグなし, このレコードへの初めてのタグを付けませんか!
|
MARC
| LEADER | 00000nam a2200000 a 4500 | ||
|---|---|---|---|
| 001 | UCO2173 | ||
| 003 | CL-VaPUC | ||
| 008 | 000602e19260000FR |||||||||||||||||fre|d | ||
| 082 | 0 | 4 | |a 947.0841 |b SOK |2 21 |
| 100 | 0 | |a Sokoloff, Nicolás |e author |9 445087 | |
| 245 | 1 | 0 | |a Enquète judiciare sur l'assassinat de la famille impériale russe |
| 300 | |a 343 p | ||
| 942 | |c BK | ||
| 945 | |d 20000602 00:00:00 |a rherrera | ||
| 260 | |a París |b Payot |c 1926 | ||
| 600 | 0 | 7 | |a ROMANOV |2 CL-VaPUC |9 444070 |
| 650 | 0 | |a Historia de Rusia |9 343091 | |
| 650 | 0 | |a Revolución rusa |9 343225 | |
| 650 | 0 | |a Asesinatos |9 401043 | |
| 650 | 0 | |a Investigación jurídica |9 328647 | |
| 651 | 0 | |a Rusia |9 256106 | |
| 583 | |a last modification |c 20000602 00:00:00 |k Rodrigo Vera | ||
| 490 | 0 | |a Collection de Mémories, Etudes et Documents | |
| 999 | |c 288712 |d 288710 | ||
| 952 | |0 0 |1 0 |4 0 |6 947_084100000000000_SOK_1926 |7 0 |8 X |9 336611 |a BIBHIS |b BIBHIS |d 2019-11-20 |i 128312K |o 947.0841 SOK 1926 |p 128312K |r 2024-01-30 |w 2019-11-20 |y BK_X |k HIS | ||